S31->Katowice - Statystyki

Ogólne statystyki
  • Ten quiz został rozwiązany 5 razy
  • Średni wynik to 9 z 11
Statystyki odpowiedzi
Nr. Stacja % Poprawnych
11. Katowice
100%
9. Katowice Szopienice Południowe
100%
10. Katowice Zawodzie
100%
8. Mysłowice
100%
1. Oświęcim
100%
3. Chełm Śląski
75%
7. Mysłowice Brzęczkowice
75%
6. Mysłowice Brzezinka
75%
4. Imielin
50%
5. Mysłowice Kosztowy
50%
2. Nowy Biruń
25%
Nie znaleziono quizów pasujących do podanych kryteriów
Rozkład punktacji
Procent ludzi z każdym wynikiem
Percentyl według liczby udzielonych odpowiedzi
Twoja historia wyników
Nie rozwiązałeś tego quizu